Normal view
MARC view
- Birney, Robert Charles
Entry Personal Name
001 - CONTROL NUMBER
- control field: 37169
003 - CONTROL NUMBER IDENTIFIER
- control field: NUST
005 - DATE AND TIME OF LATEST TRANSACTION
- control field: 20210314130216.0
008 - FIXED-LENGTH DATA ELEMENTS
- fixed length control field: 210314|| aca||aabn | a|a d
040 ## - CATALOGING SOURCE
- Original cataloging agency: NUST
- Transcribing agency: NUST
100 ## - HEADING--PERSONAL NAME
- Personal name: Birney, Robert Charles
670 ## - SOURCE DATA FOUND
- Source citation: Work cat.: (NUST): Teevan, Richard Collier, 37167, Theories of motivation in learning:, [1964]
